00265nam a2200097 a 4500008004100000050001900041100003000060245005900090260000900149350000900158120416s9999 ||||||||||||||||| || u aTHESIS/STUDENT aShikaputo, Kennedy Chongo10aBenefits of ISO certification to the Zambian companies a2004 a0.00